000 00454nam a2200181Ia 4500
001 1750
005 20260306143751.0
008 260306t2016||||xx |||||||||||||| ||spa||
041 _aESP
082 _a155.28
_bR76
100 _aRodríguez Rivera, Víctor Matías
_eAUT
245 0 _aPsicotécnica:
_bevaluación psicopedagógica
260 _c2016
300 _a397 páginas :
_c23 cm.
650 _aGEN
654 _aCPS
942 _cLIB
_dJUS
_fJUS
_2ddc
_n
999 _c1750
_d1750